000 00278nam a22001217a 4500
008 210707s2011 xx 000 0 und d
041 _aeng
082 _a052 JoD
245 _aJournal of dharma
260 _bDharmaram College
_c2011
650 _aReligion
650 _aReligion
999 _c179722
_d179722